000 00357nam a2200133Ia 4500
005 20260326100037.0
008 260326s9999||||xx |||||||||||||| ||und||
100 _aKinkead, Duncan
245 0 _aEstudios del Reino de Guatemala /
_cDuncan Kinkead
260 _bEscuela de Estudios Hispanoamericanos
300 _a2001 p.
650 _aURBANISMO
942 _cBK
999 _c6845
_d6845